000
00334nam a2200145Ia 4500
005
20251222152709.0
008
251222s9999||||xx |||||||||||||| ||spa||
020
_a
8434514818
082
_a
617.51026/Z85
100
_a
Zollner, Fritz
245
0
_a
Otorrinolaringología
250
_a
1ra.ed.
264
_b
Salvat S.A
942
_c
LIB
999
_c
29128
_d
29128